<?xml version="1.0" encoding="UTF-8"?>
<record
    xmlns:xsi="http://www.w3.org/2001/XMLSchema-instance"
    xsi:schemaLocation="http://www.loc.gov/MARC21/slim http://www.loc.gov/standards/marcxml/schema/MARC21slim.xsd"
    xmlns="http://www.loc.gov/MARC21/slim">

  <leader>06824cam a22007454i 4500</leader>
  <controlfield tag="003">PE-LiUPU</controlfield>
  <controlfield tag="005">20250731180144.0</controlfield>
  <controlfield tag="008">150706s                r     000 0     d</controlfield>
  <datafield tag="020" ind1=" " ind2=" ">
    <subfield code="a">9788473602631</subfield>
  </datafield>
  <datafield tag="035" ind1=" " ind2=" ">
    <subfield code="a">(Sirsi) i9788473602631</subfield>
  </datafield>
  <datafield tag="040" ind1=" " ind2=" ">
    <subfield code="a">PE-LiUPU</subfield>
    <subfield code="b">spa</subfield>
    <subfield code="c">PE-LiUPU</subfield>
    <subfield code="e">rda</subfield>
  </datafield>
  <datafield tag="049" ind1=" " ind2=" ">
    <subfield code="a">PRUA</subfield>
  </datafield>
  <datafield tag="082" ind1="0" ind2="4">
    <subfield code="a">574.522 2</subfield>
    <subfield code="b">C252007</subfield>
    <subfield code="2">21</subfield>
  </datafield>
  <datafield tag="100" ind1="1" ind2=" ">
    <subfield code="a">Cap&#xF3;, Mart&#xED;, Miguel A.,</subfield>
    <subfield code="e">autor.</subfield>
  </datafield>
  <datafield tag="245" ind1="1" ind2="0">
    <subfield code="a">Principios de ecotoxicolog&#xED;a :</subfield>
    <subfield code="b">diagn&#xF3;stico, tratamiento y gesti&#xF3;n del medio ambiente /</subfield>
    <subfield code="c">Miguel Andr&#xE9;s Cap&#xF3; Mart&#xED;.</subfield>
  </datafield>
  <datafield tag="264" ind1=" " ind2="1">
    <subfield code="a">Madrid :</subfield>
    <subfield code="b">T&#xE9;bar,</subfield>
    <subfield code="c">2007.</subfield>
  </datafield>
  <datafield tag="300" ind1=" " ind2=" ">
    <subfield code="a">320 p&#xE1;ginas :</subfield>
    <subfield code="b">ilustraciones ;</subfield>
    <subfield code="c">25 cent&#xED;metros</subfield>
  </datafield>
  <datafield tag="336" ind1=" " ind2=" ">
    <subfield code="a">text</subfield>
    <subfield code="2">rdacontent</subfield>
  </datafield>
  <datafield tag="337" ind1=" " ind2=" ">
    <subfield code="a">unmediated</subfield>
    <subfield code="2">rdamedia</subfield>
  </datafield>
  <datafield tag="338" ind1=" " ind2=" ">
    <subfield code="a">volume</subfield>
    <subfield code="2">rdacarrier</subfield>
  </datafield>
  <datafield tag="504" ind1=" " ind2=" ">
    <subfield code="a">Incluye bibliograf&#xED;a.</subfield>
  </datafield>
  <datafield tag="505" ind1="0" ind2=" ">
    <subfield code="a">Ecoxitolog&#xED;a y toxicolog&#xED;a ambiental: Concepto y clasificaci&#xF3;n. Poluci&#xF3;n de los ecosistemas. Bio&#xE9;tica del medio ambiente -- Procesos t&#xF3;xicos en los ecosistemas. Ciclos de Contaminaci&#xF3;n ambientales. Bioacumulaci&#xF3;n: eutrofizaci&#xF3;n, salinizaci&#xF3;n y lixivaci&#xF3;n -- Destino y transporte de sustancias contaminantes. Biodegradaci&#xF3;n de polutantes. Biomagnificaci&#xF3;n y biodin&#xE1;mica de transformaci&#xF3;n los ecosistemas -- Contaminaci&#xF3;n por agentes f&#xED;sicos. Trastornos cronobiol&#xF3;gicos por cambios de alternacia luz-oscuridad. Bioclimatolog&#xED;a y biometeorolog&#xED;a. Contaminaci&#xF3;n lum&#xED;nica. Contaminaci&#xF3;n por ruido y vibraciones -- Biocontaminaci&#xF3;n por radiaciones ionizantes. Efectos de las radiaciones sobre los seres vivos. Radiaciones no ionizantes. Efectos adversos -- Contaminaci&#xF3;n atmosf&#xE9;rica. Contaminantes a&#xE9;reos. Efecto invernadero. An&#xE1;lisis de la contaminaci&#xF3;n. Profilaxis -- Contaminaci&#xF3;n del medio acu&#xE1;tico. Tipos de polutantes acu&#xE1;ticos. &#xCD;ndices de calidad. Contaminaci&#xF3;n marina. Protecci&#xF3;n del medio h&#xED;drico e indicadores de poluci&#xF3;n --  Contaminaci&#xF3;n terrestre. Deterioro del suelo: desertizaci&#xF3;n y desertificaci&#xF3;n. Alteraci&#xF3;n del paisaje, incendios y ocio -- Bioindicadores y biomarcadores. Biomonitores. Biosensores. Indicadores biol&#xF3;gicos, Animal centinela. Bioensayos en medio ambiente -- -Evaluaciones en ecotoxicolog&#xED;a. Cuantificaci&#xF3;n experimental de los efectos ecotoxicol&#xF3;gicos. Monitorizaciones anal&#xED;ticas en toxicolog&#xED;a ambiental y establecimiento de sensores. An&#xE1;lisis mediante v&#xED;as criticas -- Biorremediaci&#xF3;n e ingenier&#xED;a ambiental. Biotecnolog&#xED;a ambiental. Contaminantes a&#xE9;reos: procesos de depuraci&#xF3;n. Depuraci&#xF3;n de aguas: procesos f&#xED;sicos, qu&#xED;micos y biol&#xF3;gicos. Residuos s&#xF3;lidos urbanos: compostaje e incineraci&#xF3;n. Residuos agroforestales y ganaderos. Ensilado -- Evaluaci&#xF3;n del  impacto ambiental. Metodolog&#xED;as. Identificaci&#xF3;n y valoraci&#xF3;n de los impactos ambientales. Auditor&#xED;as medioambientales. Fases y etapas de las ecoauditor&#xED;as -- Ecoxitolog&#xED;a y toxicolog&#xED;a ambiental Concepto y clasificaci&#xF3;n. Poluci&#xF3;n de los ecosistemas. Bio&#xE9;tica de los medios ambientales -- Aspectos jur&#xED;dicos y sociales de la contaminaci&#xF3;n ambiental. Delito contra el medio ambiente. Normativa jur&#xED;dica sobre residuos t&#xF3;xicos. Sexto programa de actuaci&#xF3;n en materia de medio ambiente. Conferencia de Rilo de Janeiro. Declaraci&#xF3;n del R&#xED;o sobre el medio ambiente y el desarrollo. Protocolo de Kioto.</subfield>
  </datafield>
  <datafield tag="526" ind1=" " ind2=" ">
    <subfield code="a">SEG44</subfield>
  </datafield>
  <datafield tag="526" ind1=" " ind2=" ">
    <subfield code="a">SEG26</subfield>
  </datafield>
  <datafield tag="526" ind1=" " ind2=" ">
    <subfield code="a">P159</subfield>
  </datafield>
  <datafield tag="526" ind1=" " ind2=" ">
    <subfield code="a">P155</subfield>
  </datafield>
  <datafield tag="526" ind1=" " ind2=" ">
    <subfield code="a">P154</subfield>
  </datafield>
  <datafield tag="526" ind1=" " ind2=" ">
    <subfield code="a">P153</subfield>
  </datafield>
  <datafield tag="526" ind1=" " ind2=" ">
    <subfield code="a">P150</subfield>
  </datafield>
  <datafield tag="526" ind1=" " ind2=" ">
    <subfield code="a">P100</subfield>
  </datafield>
  <datafield tag="526" ind1=" " ind2=" ">
    <subfield code="a">P31</subfield>
  </datafield>
  <datafield tag="526" ind1=" " ind2=" ">
    <subfield code="a">P30</subfield>
  </datafield>
  <datafield tag="526" ind1=" " ind2=" ">
    <subfield code="a">P26</subfield>
  </datafield>
  <datafield tag="526" ind1=" " ind2=" ">
    <subfield code="a">P25</subfield>
  </datafield>
  <datafield tag="526" ind1=" " ind2=" ">
    <subfield code="a">P24</subfield>
  </datafield>
  <datafield tag="526" ind1=" " ind2=" ">
    <subfield code="a">P22</subfield>
  </datafield>
  <datafield tag="526" ind1=" " ind2=" ">
    <subfield code="a">P15</subfield>
  </datafield>
  <datafield tag="526" ind1=" " ind2=" ">
    <subfield code="a">P10</subfield>
  </datafield>
  <datafield tag="541" ind1=" " ind2=" ">
    <subfield code="g">015-0014331;</subfield>
  </datafield>
  <datafield tag="541" ind1=" " ind2=" ">
    <subfield code="g">015-0015487;</subfield>
  </datafield>
  <datafield tag="541" ind1=" " ind2=" ">
    <subfield code="g">015-001551;</subfield>
  </datafield>
  <datafield tag="541" ind1=" " ind2=" ">
    <subfield code="g">015-0016195;</subfield>
  </datafield>
  <datafield tag="541" ind1=" " ind2=" ">
    <subfield code="g">015-0012792;</subfield>
  </datafield>
  <datafield tag="541" ind1=" " ind2=" ">
    <subfield code="g">030-0010752;</subfield>
  </datafield>
  <datafield tag="650" ind1="0" ind2="4">
    <subfield code="a">Control ambiental.</subfield>
  </datafield>
  <datafield tag="650" ind1="0" ind2="4">
    <subfield code="a">Toxicolog&#xED;a ecol&#xF3;gica.</subfield>
  </datafield>
  <datafield tag="910" ind1=" " ind2=" ">
    <subfield code="a">gl</subfield>
    <subfield code="b">jv</subfield>
    <subfield code="c">ng</subfield>
    <subfield code="d">20110519</subfield>
  </datafield>
  <datafield tag="942" ind1=" " ind2=" ">
    <subfield code="2">ddc</subfield>
    <subfield code="c">BOOK</subfield>
  </datafield>
  <datafield tag="949" ind1=" " ind2=" ">
    <subfield code="a">574.5222 C25 2007</subfield>
    <subfield code="w">DEWEY</subfield>
    <subfield code="c">1</subfield>
    <subfield code="i">62960</subfield>
    <subfield code="d">2015-8-25</subfield>
    <subfield code="e">2015-8-24</subfield>
    <subfield code="l">CCODEBUL1</subfield>
    <subfield code="m">BUL</subfield>
    <subfield code="n">1</subfield>
    <subfield code="p">49.00</subfield>
    <subfield code="r">0</subfield>
    <subfield code="s">Y</subfield>
    <subfield code="t">BOOK</subfield>
    <subfield code="u">2015-7-6</subfield>
    <subfield code="x">INGENIERIA</subfield>
    <subfield code="P">P06</subfield>
    <subfield code="0">COMPRA</subfield>
    <subfield code="o">.STAFF. Colecci&#xF3;n General</subfield>
  </datafield>
  <datafield tag="949" ind1=" " ind2=" ">
    <subfield code="a">574.5222 C25 2007</subfield>
    <subfield code="w">DEWEY</subfield>
    <subfield code="c">2</subfield>
    <subfield code="i">63843</subfield>
    <subfield code="d">2016-6-22</subfield>
    <subfield code="e">2016-6-21</subfield>
    <subfield code="l">CCODEBUL1</subfield>
    <subfield code="m">BUL</subfield>
    <subfield code="n">3</subfield>
    <subfield code="p">32.00</subfield>
    <subfield code="r">0</subfield>
    <subfield code="s">Y</subfield>
    <subfield code="t">BOOK</subfield>
    <subfield code="u">2015-7-6</subfield>
    <subfield code="x">INGENIERIA</subfield>
    <subfield code="P">P24</subfield>
    <subfield code="0">COMPRA</subfield>
    <subfield code="o">.STAFF. Colecci&#xF3;n General</subfield>
  </datafield>
  <datafield tag="949" ind1=" " ind2=" ">
    <subfield code="a">574.5222 C25 2007</subfield>
    <subfield code="w">DEWEY</subfield>
    <subfield code="c">3</subfield>
    <subfield code="i">65495</subfield>
    <subfield code="d">2016-7-15</subfield>
    <subfield code="e">2016-6-1</subfield>
    <subfield code="l">CCODEBUL1</subfield>
    <subfield code="m">BUL</subfield>
    <subfield code="n">2</subfield>
    <subfield code="p">59.00</subfield>
    <subfield code="r">0</subfield>
    <subfield code="s">Y</subfield>
    <subfield code="t">BOOK</subfield>
    <subfield code="u">2015-7-6</subfield>
    <subfield code="x">INGENIERIA</subfield>
    <subfield code="P">P24</subfield>
    <subfield code="0">COMPRA</subfield>
    <subfield code="o">.STAFF. Colecci&#xF3;n General</subfield>
  </datafield>
  <datafield tag="949" ind1=" " ind2=" ">
    <subfield code="a">574.5222 C25 2007</subfield>
    <subfield code="w">DEWEY</subfield>
    <subfield code="c">4</subfield>
    <subfield code="i">67472</subfield>
    <subfield code="l">CCODEBUL1</subfield>
    <subfield code="m">BUL</subfield>
    <subfield code="p">49.00</subfield>
    <subfield code="r">0</subfield>
    <subfield code="s">Y</subfield>
    <subfield code="t">BOOK</subfield>
    <subfield code="u">2015-7-24</subfield>
    <subfield code="x">INGENIERIA</subfield>
    <subfield code="P">P24</subfield>
    <subfield code="0">COMPRA</subfield>
    <subfield code="o">.STAFF. Colecci&#xF3;n General</subfield>
  </datafield>
  <datafield tag="949" ind1=" " ind2=" ">
    <subfield code="a">574.5222 C25 2007</subfield>
    <subfield code="w">DEWEY</subfield>
    <subfield code="c">5</subfield>
    <subfield code="i">68258</subfield>
    <subfield code="d">2016-5-30</subfield>
    <subfield code="e">2016-5-27</subfield>
    <subfield code="m">BUL</subfield>
    <subfield code="n">3</subfield>
    <subfield code="p">49.00</subfield>
    <subfield code="r">0</subfield>
    <subfield code="s">Y</subfield>
    <subfield code="t">BOOK</subfield>
    <subfield code="u">2015-7-24</subfield>
    <subfield code="x">INGENIERIA</subfield>
    <subfield code="P">P24</subfield>
    <subfield code="0">COMPRA</subfield>
    <subfield code="o">.STAFF. Colecci&#xF3;n General</subfield>
  </datafield>
  <datafield tag="949" ind1=" " ind2=" ">
    <subfield code="a">574.5222 C25 2007</subfield>
    <subfield code="w">DEWEY</subfield>
    <subfield code="c">6</subfield>
    <subfield code="i">69228</subfield>
    <subfield code="d">2016-6-3</subfield>
    <subfield code="e">2016-5-31</subfield>
    <subfield code="l">CCODEBUL1</subfield>
    <subfield code="m">BUL</subfield>
    <subfield code="n">3</subfield>
    <subfield code="p">49.00</subfield>
    <subfield code="r">0</subfield>
    <subfield code="s">Y</subfield>
    <subfield code="t">BOOK</subfield>
    <subfield code="u">2015-7-24</subfield>
    <subfield code="x">INGENIERIA</subfield>
    <subfield code="P">P24</subfield>
    <subfield code="0">COMPRA</subfield>
    <subfield code="o">.STAFF. Colecci&#xF3;n General</subfield>
  </datafield>
  <datafield tag="949" ind1=" " ind2=" ">
    <subfield code="a">574.5222 C25 2007</subfield>
    <subfield code="w">DEWEY</subfield>
    <subfield code="c">7</subfield>
    <subfield code="i">70076</subfield>
    <subfield code="d">2016-6-9</subfield>
    <subfield code="e">2016-6-7</subfield>
    <subfield code="l">CCODEBUL1</subfield>
    <subfield code="m">BUL</subfield>
    <subfield code="n">3</subfield>
    <subfield code="p">32.00</subfield>
    <subfield code="r">0</subfield>
    <subfield code="s">Y</subfield>
    <subfield code="t">BOOK</subfield>
    <subfield code="u">2015-7-24</subfield>
    <subfield code="x">INGENIERIA</subfield>
    <subfield code="P">P24</subfield>
    <subfield code="0">COMPRA</subfield>
    <subfield code="o">.STAFF. Colecci&#xF3;n General</subfield>
  </datafield>
  <datafield tag="994" ind1=" " ind2=" ">
    <subfield code="a">C0</subfield>
    <subfield code="b">PEPRU</subfield>
  </datafield>
  <datafield tag="596" ind1=" " ind2=" ">
    <subfield code="a">1</subfield>
  </datafield>
  <datafield tag="999" ind1=" " ind2=" ">
    <subfield code="a">574.5222 C25 2007</subfield>
    <subfield code="w">DEWEY</subfield>
    <subfield code="c">51980</subfield>
    <subfield code="i">62960</subfield>
    <subfield code="d">51980</subfield>
    <subfield code="e">2018-3-9</subfield>
    <subfield code="f">2021-11-9</subfield>
    <subfield code="g">7</subfield>
    <subfield code="l">CCODEBUL1</subfield>
    <subfield code="m">BUL</subfield>
    <subfield code="n">2</subfield>
    <subfield code="p">49.00</subfield>
    <subfield code="q">2</subfield>
    <subfield code="r">0</subfield>
    <subfield code="s">Y</subfield>
    <subfield code="t">BOOK</subfield>
    <subfield code="u">2015-7-6</subfield>
    <subfield code="x">INGENIERIA</subfield>
    <subfield code="P">P06</subfield>
    <subfield code="0">COMPRA</subfield>
    <subfield code="o">.STAFF. Colecci&#xF3;n General</subfield>
  </datafield>
  <datafield tag="999" ind1=" " ind2=" ">
    <subfield code="a">574.5222 C25 2007</subfield>
    <subfield code="w">DEWEY</subfield>
    <subfield code="c">2</subfield>
    <subfield code="i">63843</subfield>
    <subfield code="d">2016-6-22</subfield>
    <subfield code="e">2016-6-21</subfield>
    <subfield code="f">2021-11-9</subfield>
    <subfield code="g">7</subfield>
    <subfield code="l">CCODEBUL1</subfield>
    <subfield code="m">BUL</subfield>
    <subfield code="n">3</subfield>
    <subfield code="p">32.00</subfield>
    <subfield code="r">0</subfield>
    <subfield code="s">Y</subfield>
    <subfield code="t">BOOK</subfield>
    <subfield code="u">2015-7-6</subfield>
    <subfield code="x">INGENIERIA</subfield>
    <subfield code="P">P24</subfield>
    <subfield code="0">COMPRA</subfield>
    <subfield code="o">.STAFF. Colecci&#xF3;n General</subfield>
  </datafield>
  <datafield tag="999" ind1=" " ind2=" ">
    <subfield code="a">574.5222 C25 2007</subfield>
    <subfield code="w">DEWEY</subfield>
    <subfield code="c">3</subfield>
    <subfield code="i">65495</subfield>
    <subfield code="d">2016-7-15</subfield>
    <subfield code="e">2016-6-1</subfield>
    <subfield code="f">2021-11-9</subfield>
    <subfield code="g">7</subfield>
    <subfield code="l">CCODEBUL1</subfield>
    <subfield code="m">BUL</subfield>
    <subfield code="n">2</subfield>
    <subfield code="p">59.00</subfield>
    <subfield code="r">0</subfield>
    <subfield code="s">Y</subfield>
    <subfield code="t">BOOK</subfield>
    <subfield code="u">2015-7-6</subfield>
    <subfield code="x">INGENIERIA</subfield>
    <subfield code="P">P24</subfield>
    <subfield code="0">COMPRA</subfield>
    <subfield code="o">.STAFF. Colecci&#xF3;n General</subfield>
  </datafield>
  <datafield tag="999" ind1=" " ind2=" ">
    <subfield code="a">574.5222 C25 2007</subfield>
    <subfield code="w">DEWEY</subfield>
    <subfield code="c">4</subfield>
    <subfield code="i">67472</subfield>
    <subfield code="d">2019-11-13</subfield>
    <subfield code="e">2019-11-11</subfield>
    <subfield code="f">2021-11-9</subfield>
    <subfield code="g">7</subfield>
    <subfield code="l">CCODEBUL1</subfield>
    <subfield code="m">BUL</subfield>
    <subfield code="n">3</subfield>
    <subfield code="p">49.00</subfield>
    <subfield code="q">1</subfield>
    <subfield code="r">0</subfield>
    <subfield code="s">Y</subfield>
    <subfield code="t">BOOK</subfield>
    <subfield code="u">2015-7-24</subfield>
    <subfield code="x">INGENIERIA</subfield>
    <subfield code="P">P24</subfield>
    <subfield code="0">COMPRA</subfield>
    <subfield code="o">.STAFF. Colecci&#xF3;n General</subfield>
  </datafield>
  <datafield tag="999" ind1=" " ind2=" ">
    <subfield code="a">574.5222 C25 2007</subfield>
    <subfield code="w">DEWEY</subfield>
    <subfield code="c">5</subfield>
    <subfield code="i">68258</subfield>
    <subfield code="d">2016-5-30</subfield>
    <subfield code="e">2016-5-27</subfield>
    <subfield code="f">2021-11-9</subfield>
    <subfield code="g">7</subfield>
    <subfield code="l">CCODEBUL1</subfield>
    <subfield code="m">BUL</subfield>
    <subfield code="n">3</subfield>
    <subfield code="p">49.00</subfield>
    <subfield code="r">0</subfield>
    <subfield code="s">Y</subfield>
    <subfield code="t">BOOK</subfield>
    <subfield code="u">2015-7-24</subfield>
    <subfield code="x">INGENIERIA</subfield>
    <subfield code="P">P24</subfield>
    <subfield code="0">COMPRA</subfield>
    <subfield code="o">.STAFF. Colecci&#xF3;n General</subfield>
  </datafield>
  <datafield tag="999" ind1=" " ind2=" ">
    <subfield code="a">574.5222 C25 2007</subfield>
    <subfield code="w">DEWEY</subfield>
    <subfield code="c">6</subfield>
    <subfield code="i">69228</subfield>
    <subfield code="d">2016-6-3</subfield>
    <subfield code="e">2016-5-31</subfield>
    <subfield code="f">2021-11-9</subfield>
    <subfield code="g">7</subfield>
    <subfield code="l">CCODEBUL1</subfield>
    <subfield code="m">BUL</subfield>
    <subfield code="n">3</subfield>
    <subfield code="p">49.00</subfield>
    <subfield code="r">0</subfield>
    <subfield code="s">Y</subfield>
    <subfield code="t">BOOK</subfield>
    <subfield code="u">2015-7-24</subfield>
    <subfield code="x">INGENIERIA</subfield>
    <subfield code="P">P24</subfield>
    <subfield code="0">COMPRA</subfield>
    <subfield code="o">.STAFF. Colecci&#xF3;n General</subfield>
  </datafield>
  <datafield tag="999" ind1=" " ind2=" ">
    <subfield code="a">574.5222 C25 2007</subfield>
    <subfield code="w">DEWEY</subfield>
    <subfield code="c">7</subfield>
    <subfield code="i">70076</subfield>
    <subfield code="d">2016-6-9</subfield>
    <subfield code="e">2016-6-7</subfield>
    <subfield code="f">2021-11-9</subfield>
    <subfield code="g">7</subfield>
    <subfield code="l">CCODEBUL1</subfield>
    <subfield code="m">BUL</subfield>
    <subfield code="n">3</subfield>
    <subfield code="p">32.00</subfield>
    <subfield code="r">0</subfield>
    <subfield code="s">Y</subfield>
    <subfield code="t">BOOK</subfield>
    <subfield code="u">2015-7-24</subfield>
    <subfield code="x">INGENIERIA</subfield>
    <subfield code="P">P24</subfield>
    <subfield code="0">COMPRA</subfield>
    <subfield code="o">.STAFF. Colecci&#xF3;n General</subfield>
  </datafield>
  <datafield tag="980" ind1=" " ind2=" ">
    <subfield code="8">1</subfield>
    <subfield code="g">ALBERTO SANCHEZ Responsable de Automatizaci&#xF3;n</subfield>
  </datafield>
  <datafield tag="952" ind1=" " ind2=" ">
    <subfield code="r">2025-12-02 00:00:00</subfield>
    <subfield code="i">8</subfield>
    <subfield code="l">2</subfield>
    <subfield code="o">574.5222 C25 2007</subfield>
    <subfield code="p">62960</subfield>
    <subfield code="s">2018-03-09</subfield>
    <subfield code="t">e1</subfield>
    <subfield code="v">54.00</subfield>
    <subfield code="w">2015-07-06</subfield>
    <subfield code="x">FACIHED</subfield>
    <subfield code="y">BK</subfield>
    <subfield code="z">inventario-2023-12-13</subfield>
    <subfield code="1">0</subfield>
    <subfield code="2">ddc</subfield>
    <subfield code="5">0</subfield>
    <subfield code="7">0</subfield>
    <subfield code="8">GEN</subfield>
    <subfield code="f">P10</subfield>
    <subfield code="a">BUL</subfield>
    <subfield code="b">BUL</subfield>
    <subfield code="c">GEN</subfield>
    <subfield code="d">2015-07-06</subfield>
    <subfield code="e">COMPRA</subfield>
    <subfield code="g">49.00</subfield>
  </datafield>
  <datafield tag="952" ind1=" " ind2=" ">
    <subfield code="r">2025-12-02 00:00:00</subfield>
    <subfield code="i">8</subfield>
    <subfield code="l">3</subfield>
    <subfield code="o">574.5222 C25 2007</subfield>
    <subfield code="p">63843</subfield>
    <subfield code="s">2016-06-21</subfield>
    <subfield code="t">e2</subfield>
    <subfield code="v">37.00</subfield>
    <subfield code="w">2015-07-06</subfield>
    <subfield code="x">FACIHED</subfield>
    <subfield code="y">BK</subfield>
    <subfield code="z">inventario-2023-12-13</subfield>
    <subfield code="1">0</subfield>
    <subfield code="2">ddc</subfield>
    <subfield code="5">0</subfield>
    <subfield code="7">0</subfield>
    <subfield code="8">GEN</subfield>
    <subfield code="f">P10</subfield>
    <subfield code="a">BUL</subfield>
    <subfield code="b">BUL</subfield>
    <subfield code="c">GEN</subfield>
    <subfield code="d">2015-07-06</subfield>
    <subfield code="e">COMPRA</subfield>
    <subfield code="g">32.00</subfield>
  </datafield>
  <datafield tag="952" ind1=" " ind2=" ">
    <subfield code="r">2025-12-02 00:00:00</subfield>
    <subfield code="i">8</subfield>
    <subfield code="l">2</subfield>
    <subfield code="o">574.5222 C25 2007</subfield>
    <subfield code="p">65495</subfield>
    <subfield code="s">2016-06-01</subfield>
    <subfield code="t">e3</subfield>
    <subfield code="v">64.00</subfield>
    <subfield code="w">2015-07-06</subfield>
    <subfield code="x">FACIHED</subfield>
    <subfield code="y">BK</subfield>
    <subfield code="z">inventario-2023-12-13</subfield>
    <subfield code="1">0</subfield>
    <subfield code="2">ddc</subfield>
    <subfield code="5">0</subfield>
    <subfield code="7">0</subfield>
    <subfield code="8">GEN</subfield>
    <subfield code="f">P10</subfield>
    <subfield code="a">BUL</subfield>
    <subfield code="b">BUL</subfield>
    <subfield code="c">GEN</subfield>
    <subfield code="d">2015-07-06</subfield>
    <subfield code="e">COMPRA</subfield>
    <subfield code="g">59.00</subfield>
  </datafield>
  <datafield tag="952" ind1=" " ind2=" ">
    <subfield code="r">2025-12-02 00:00:00</subfield>
    <subfield code="i">8</subfield>
    <subfield code="l">3</subfield>
    <subfield code="o">574.5222 C25 2007</subfield>
    <subfield code="p">67472</subfield>
    <subfield code="s">2019-11-11</subfield>
    <subfield code="t">e4</subfield>
    <subfield code="v">54.00</subfield>
    <subfield code="w">2015-07-24</subfield>
    <subfield code="x">FACIHED</subfield>
    <subfield code="y">BK</subfield>
    <subfield code="z">inventario-2023-12-13</subfield>
    <subfield code="1">0</subfield>
    <subfield code="2">ddc</subfield>
    <subfield code="5">0</subfield>
    <subfield code="7">0</subfield>
    <subfield code="8">GEN</subfield>
    <subfield code="f">P10</subfield>
    <subfield code="a">BUL</subfield>
    <subfield code="b">BUL</subfield>
    <subfield code="c">GEN</subfield>
    <subfield code="d">2015-07-24</subfield>
    <subfield code="e">COMPRA</subfield>
    <subfield code="g">49.00</subfield>
  </datafield>
  <datafield tag="952" ind1=" " ind2=" ">
    <subfield code="r">2025-12-02 00:00:00</subfield>
    <subfield code="i">8</subfield>
    <subfield code="l">3</subfield>
    <subfield code="o">574.5222 C25 2007</subfield>
    <subfield code="p">68258</subfield>
    <subfield code="s">2016-05-27</subfield>
    <subfield code="t">e5</subfield>
    <subfield code="v">54.00</subfield>
    <subfield code="w">2015-07-24</subfield>
    <subfield code="x">FACIHED</subfield>
    <subfield code="y">BK</subfield>
    <subfield code="z">inventario-2023-12-13</subfield>
    <subfield code="1">0</subfield>
    <subfield code="2">ddc</subfield>
    <subfield code="5">0</subfield>
    <subfield code="7">0</subfield>
    <subfield code="8">GEN</subfield>
    <subfield code="f">P10</subfield>
    <subfield code="a">BUL</subfield>
    <subfield code="b">BUL</subfield>
    <subfield code="c">GEN</subfield>
    <subfield code="d">2015-07-24</subfield>
    <subfield code="e">COMPRA</subfield>
    <subfield code="g">49.00</subfield>
  </datafield>
  <datafield tag="952" ind1=" " ind2=" ">
    <subfield code="r">2025-12-02 00:00:00</subfield>
    <subfield code="i">8</subfield>
    <subfield code="l">3</subfield>
    <subfield code="o">574.5222 C25 2007</subfield>
    <subfield code="p">69228</subfield>
    <subfield code="s">2016-05-31</subfield>
    <subfield code="t">e6</subfield>
    <subfield code="v">54.00</subfield>
    <subfield code="w">2015-07-24</subfield>
    <subfield code="x">FACIHED</subfield>
    <subfield code="y">BK</subfield>
    <subfield code="z">inventario-2023-12-13</subfield>
    <subfield code="1">0</subfield>
    <subfield code="2">ddc</subfield>
    <subfield code="5">0</subfield>
    <subfield code="7">0</subfield>
    <subfield code="8">GEN</subfield>
    <subfield code="f">P10</subfield>
    <subfield code="a">BUL</subfield>
    <subfield code="b">BUL</subfield>
    <subfield code="c">GEN</subfield>
    <subfield code="d">2015-07-24</subfield>
    <subfield code="e">COMPRA</subfield>
    <subfield code="g">49.00</subfield>
  </datafield>
  <datafield tag="952" ind1=" " ind2=" ">
    <subfield code="r">2025-12-02 00:00:00</subfield>
    <subfield code="i">8</subfield>
    <subfield code="l">3</subfield>
    <subfield code="o">574.5222 C25 2007</subfield>
    <subfield code="p">70076</subfield>
    <subfield code="s">2016-06-07</subfield>
    <subfield code="t">e7</subfield>
    <subfield code="v">37.00</subfield>
    <subfield code="w">2015-07-24</subfield>
    <subfield code="x">FACIHED</subfield>
    <subfield code="y">BK</subfield>
    <subfield code="z">inventario-2023-12-13</subfield>
    <subfield code="1">0</subfield>
    <subfield code="2">ddc</subfield>
    <subfield code="5">0</subfield>
    <subfield code="7">0</subfield>
    <subfield code="8">GEN</subfield>
    <subfield code="f">P10</subfield>
    <subfield code="a">BUL</subfield>
    <subfield code="b">BUL</subfield>
    <subfield code="c">GEN</subfield>
    <subfield code="d">2015-07-24</subfield>
    <subfield code="e">COMPRA</subfield>
    <subfield code="g">32.00</subfield>
  </datafield>
</record>
